000 00659nam a22001577a 4500
003 OSt
005 20190905132500.0
008 190905b xxu||||| |||| 00| 0 eng d
040 _cRUA
082 _aAGR KOU 2017 B646 Or.1
100 _913911
_aKOUY RAKSA គួយ រក្សា
245 _acomparison of growth and yield on cucumber varieties in net house condition ប្រៀបធៀបពូជដំណាំត្រសក់លើការលូតលាស់និងទិន្នផលក្នុងលក្ខណ្ឌផ្ទះសំណាញ
260 _aRUA
_bphnom penh
_c2017
300 _axii;44p
_bill;
_c29cm
942 _2ddc
_cAGR
999 _c18237
_d18237